Photographic emulsion technique /

Bibliographic Details
Main Author: Baker, T. Thorne (Thomas Thorne)
Format: Book
Language:English
Published: Boston : American photographic publishing co., 1941.
Subjects:

MARC

Tag First Indicator Second Indicator Subfields
LEADER 00000cam a2200000 4500
001 in00000035941
005 20151007063550.0
008 750513s1941 maua b 00010 eng u
010 |a  41014643  
035 |a (OCoLC)01330269 
035 |9 AAD7692AM 
040 |c CPL  |d TXA  |d UtOrBLW 
049 |a TXAM  |c [118398] 
050 0 |a TR210  |b .B25 
082 0 |a 771 
092 |a 771  |b B168p 
100 1 |a Baker, T. Thorne  |q (Thomas Thorne) 
245 1 0 |a Photographic emulsion technique /  |c by T. Thorne Baker. 
264 1 |a Boston :  |b American photographic publishing co.,  |c 1941. 
300 |a xii, 263 pages :  |b illustrations, diagrams ;  |c 20 cm. 
336 |a text  |b txt  |2 rdacontent 
337 |a unmediated  |b n  |2 rdamedia 
338 |a volume  |b nc  |2 rdacarrier 
504 |a "Chapter references" at end of each chapter. 
650 0 |a Photographic chemistry. 
650 0 |a Emulsions. 
999 |a MARS 
999 f f |s 1c757de6-dea1-32a7-9c62-0f2960de4261  |i 0933ae0b-bf81-3773-bc6d-83975c0e14a7  |t 0 
952 f f |p normal  |a Texas A&M University  |b College Station  |c Sterling C. Evans Library  |d Evans: Library Stacks  |t 0  |e TR210 .B25  |h Library of Congress classification  |i unmediated -- volume  |m A14801160834 
998 f f |a TR210 .B25  |t 0  |l Evans: Library Stacks